[Event "Friends of Lumpy Bumpy Big Challenge no2"]
[Site "SchemingMind.com"]
[Date "2010.04.24"]
[Round "-"]
[White "echecs"]
[Black "David Hartley"]
[Result "1-0"]
[WhiteCountry "ENG"]
[BlackCountry "ENG"]
[WhiteElo "1838"]
[WhiteRD "59"]
[BlackElo "1783"]
[BlackRD "63"]
[GameID "245929"]

1. e4 e5 2. Nf3 Nc6 3. Bc4 Bc5 4. O-O Nf6 5. Nc3 O-O 6. Re1 a6 7. d3 d6 8. Bg5 h6 9. Bxf6 Qxf6 10. Nd5 Qd8
11. a3 Be6 12. b4 Ba7 13. Nd2 Rc8 14. Ne3 Bxc4 15. Ndxc4 b5 16. Nd2 Ne7 17. c4 f5 18. Qh5 Bxe3 19. Rxe3 Ng6 20. Qxg6 fxe4
21. Nxe4 Rf7 22. Rh3 Kh8 23. Qxf7
1-0

[Event "Friends of Lumpy Bumpy Big Challenge no2"]
[Site "SchemingMind.com"]
[Date "2010.04.24"]
[Round "-"]
[White "Clive Everill"]
[Black "David Hartley"]
[Result "0-1"]
[WhiteCountry "CZE"]
[BlackCountry "ENG"]
[WhiteElo "1700"]
[WhiteRD "53"]
[BlackElo "1775"]
[BlackRD "60"]
[GameID "245930"]

1. e4 e5 2. Nc3 Nf6 3. f4 d5 4. fxe5 Nxe4 5. Qf3 Nxc3 6. bxc3 Be7 7. d4 Be6 8. Ne2 c6 9. Nf4 Bf5 10. Bd3 Bxd3
11. cxd3 Nd7 12. e6 Nf6 13. exf7+ Kxf7 14. O-O Rf8 15. Re1 Qd7 16. a4 Kg8 17. Ba3 Rae8 18. Bxe7 Rxe7 19. Rxe7 Qxe7 20. Qh3 Re8
21. Kf2 Nd7 22. Qg4 Nf6 23. Qf3 Qf7 24. h3 Qe7 25. g4 Rf8 26. Kg2 Qd6 27. Ra2 Nxg4 28. Qxg4 Qxf4 29. Qxf4 Rxf4 30. Kg3 Rf1
31. c4 dxc4 32. dxc4 Rd1 33. d5 cxd5 34. cxd5 Rxd5 35. Rb2 b6 36. Rb4 Kf7 37. h4 Ke6 38. Kg4 Ke5 39. Kg5 Rd4 40. Rb5+ Ke4
41. Rf5 Rd7 42. a5 Rd5 43. axb6 Rxf5+
0-1

[Event "Friends of Lumpy Bumpy Big Challenge no2"]
[Site "SchemingMind.com"]
[Date "2010.04.24"]
[Round "-"]
[White "Kobiahshi"]
[Black "David Hartley"]
[Result "0-1"]
[WhiteCountry "USA"]
[BlackCountry "ENG"]
[WhiteElo "1628"]
[WhiteRD "62"]
[BlackElo "1787"]
[BlackRD "61"]
[GameID "245931"]

1. f4 f5 2. Nf3 Nf6 3. g3 Nc6 4. Nc3 e6 5. d4 Bb4 6. Bd2 d5 7. e3 a6 8. Bg2 O-O 9. Qe2 Bd7 10. O-O-O Be8
11. Kb1 Qe7 12. h3 b5 13. g4 fxg4 14. hxg4 Nxg4 15. e4 Bxc3 16. Bxc3 Rxf4 17. Bd2 Rf8 18. Rh4 Nf6 19. Bg5 Qf7 20. Bxf6 Qxf6
21. e5 Qe7 22. Bf1 Rxf3 23. Qh2 Bg6 24. Be2 Rf7 25. Bd3 Bxd3 26. cxd3 h6 27. Rg1 Kh7 28. Rhg4 Rg8 29. Rh1 Qf8 30. Rgg1 Nxd4
31. Qg3 Kh8 32. Qe1 Nf3 33. Qd1 Nxg1 34. Qxg1 c5 35. a3 Rf4 36. Qd1 Qf5 37. Ka2 Qxe5 38. Re1 Qf5 39. Qd2 Rf2 40. Re2 Rxe2
41. Qxe2 Rf8 42. Kb3 Rf6 43. Qc2 d4 44. Qd2 Qd5+ 45. Kc2 Rg6
0-1

[Event "Friends of Lumpy Bumpy Big Challenge no2"]
[Site "SchemingMind.com"]
[Date "2010.04.24"]
[Round "-"]
[White "Naoki_M"]
[Black "David Hartley"]
[Result "0-1"]
[WhiteCountry "JPN"]
[BlackCountry "ENG"]
[WhiteElo "1728"]
[WhiteRD "72"]
[BlackElo "1750"]
[BlackRD "66"]
[GameID "245932"]

1. d4 d5 2. c4 e6 3. Nc3 Nf6 4. Nf3 Be7 5. Bf4 O-O 6. e3 Nbd7 7. c5 a6 8. Bd3 c6 9. O-O b6 10. b4 Nh5
11. Ne2 Nxf4 12. exf4 b5 13. Qc2 g6 14. Ne5 Qc7 15. a3 Bf6 16. Rfe1 Bg7 17. Ng3 f6 18. Nxd7 Bxd7 19. Qd2 Bh6 20. Ne2 e5
21. g3 Bh3 22. Qe3 Rae8 23. dxe5 fxe5 24. Qc1 Re7 25. Ra2 Ref7 26. Qa1 exf4 27. gxf4 Bxf4 28. Ng3 Rf6 29. Bf1 Qd7 30. Bxh3 Qxh3
31. Rf1 h5 32. f3 h4 33. Nh1 Be3+ 34. Nf2 Rxf3 35. Qe1 Qf5 36. Re2 Qg5+ 37. Kh1 Qf4 38. Kg1 h3 39. Kh1 Bxf2 40. Rexf2 Rxf2
41. Rxf2 Qxf2 42. Qe6+ Qf7 43. Qxh3 Qf3+ 44. Qxf3 Rxf3 45. Kg2 Rxa3
0-1

[Event "Friends of Lumpy Bumpy Big Challenge no2"]
[Site "SchemingMind.com"]
[Date "2010.04.23"]
[Round "-"]
[White "Kenny Elliott"]
[Black "loco61"]
[Result "0-1"]
[WhiteCountry "USA"]
[BlackCountry "ENG"]
[WhiteElo "1578"]
[WhiteRD "69"]
[BlackElo "1642"]
[BlackRD "67"]
[GameID "246362"]

1. d4 d5 2. c4 e6 3. Nc3 Nf6 4. Nf3 Bb4 5. Bd2 Nc6 6. e3 Bd7 7. c5 O-O 8. a3 Ba5 9. b4 Nxb4 10. axb4 Bxb4
11. Rb1 a5 12. Bd3 g6 13. e4 Bxc3 14. Bxc3 dxe4 15. Bxe4 c6 16. Qc2 Qc7 17. O-O Nd5 18. Ne5 Nxc3 19. Qxc3 f6 20. Nxd7 Qxd7
21. Ra1 Qc7 22. Qc4 Kf7 23. Rfb1 f5 24. Bc2 Rfd8 25. Rb6 Ra7 26. Bb3 Re8 27. Qc3 Rea8 28. Qe3 Qe7 29. Re1 Re8 30. Qh6 Kf6
31. Qh4+ Kf7 32. Qxh7+ Kf6 33. Qh4+ Kf7 34. Bxe6+ Kg7 35. Qxe7+ Rxe7 36. Rb3 a4 37. Rbe3 Kf6 38. Bc4 b5 39. Rxe7 Rxe7 40. Rxe7 Kxe7
41. Ba2 b4 42. d5 b3 43. Bxb3 axb3 44. d6+ Kd7
0-1

[Event "Friends of Lumpy Bumpy Big Challenge no2"]
[Site "SchemingMind.com"]
[Date "2010.04.23"]
[Round "-"]
[White "Kenny Elliott"]
[Black "capablanca"]
[Result "1-0"]
[WhiteCountry "USA"]
[BlackCountry "GER"]
[WhiteElo "1613"]
[WhiteRD "69"]
[BlackElo "1662"]
[BlackRD "56"]
[GameID "246363"]

1. d4 d5 2. c4 e6 3. Nc3 Nf6 4. Nf3 Bb4 5. Bd2 O-O 6. e3 b6 7. cxd5 Nxd5 8. Nxd5 Bxd2+ 9. Qxd2 Qxd5 10. Bd3 Bb7
11. Qc2 Qh5 12. Be4 Bxe4 13. Qxe4 Qd5 14. Qxd5 exd5 15. Rc1 c6 16. Ne5 Rc8 17. O-O f6 18. Nd3 a5 19. Rc2 Nd7 20. Rfc1 Nb8
21. b4 axb4 22. Nxb4 Ra4 23. Nxd5
1-0

[Event "Friends of Lumpy Bumpy Big Challenge no2"]
[Site "SchemingMind.com"]
[Date "2010.04.23"]
[Round "-"]
[White "Kenny Elliott"]
[Black "XTC"]
[Result "0-1"]
[WhiteCountry "USA"]
[BlackCountry "COL"]
[WhiteElo "1613"]
[WhiteRD "69"]
[BlackElo "1896"]
[BlackRD "58"]
[GameID "246364"]

1. d4 Nf6 2. c4 g6 3. Nc3 d5 4. cxd5 Nxd5 5. e4 Nxc3 6. bxc3 Bg7 7. Nf3 c5 8. Bb5+ Nc6 9. Be3 O-O 10. Bxc6 bxc6
11. O-O Bg4 12. h3 Bxf3 13. Qxf3 cxd4 14. Bxd4 Bxd4 15. cxd4 Qxd4 16. Rac1 c5 17. Rfd1 Qe5 18. Rd5 Qb2 19. Rcxc5 Qxa2 20. Ra5 Qb1+
21. Rd1 Qb6 22. Rad5 a5 23. Qa3 Qb4 24. Qxb4 axb4 25. Rb5 Rfb8 26. Rxb8+ Rxb8 27. Rb1 e5 28. Kf1 f5 29. f3 b3 30. Rb2 Kf7
31. Ke1 Kf6 32. Kd2 fxe4 33. fxe4 Kg5 34. Kc3 Kf4 35. Rxb3 Rxb3+ 36. Kxb3 Kxe4 37. Kc4 Ke3 38. Kd5 e4 39. h4 Kd3
0-1

[Event "Friends of Lumpy Bumpy Big Challenge no2"]
[Site "SchemingMind.com"]
[Date "2010.04.25"]
[Round "-"]
[White "Kenny Elliott"]
[Black "echecs"]
[Result "1/2-1/2"]
[WhiteCountry "USA"]
[BlackCountry "ENG"]
[WhiteElo "1578"]
[WhiteRD "69"]
[BlackElo "1838"]
[BlackRD "59"]
[GameID "246365"]

1. c4 c5 2. Nf3 Nf6 3. d4 cxd4 4. Nxd4 e5 5. Nf3 Nc6 6. Nc3 Bb4 7. Bd2 O-O 8. g3 Qb6 9. Bg2 Bc5 10. O-O d6
11. Na4 Qa6 12. Nxc5 dxc5 13. b3 Re8 14. Qc2 Nd4 15. Nxd4 cxd4 16. Rfb1 g6 17. Qd1 Bf5 18. Rb2 Rac8 19. Rc1 Qa3 20. Bg5 Qxb2
21. Bxf6 Qxa2 22. Ra1 Qb2 23. Bxb7 Rb8 24. Bd5 Rxb3 25. Rxa7 Be6 26. Bxe6 fxe6 27. Bxe5 Qc3 28. Rg7+ Kf8 29. Rxh7 Qxc4 30. Bxd4 Reb8
31. Rh8+ Kf7 32. Rxb8 Rxb8 33. e3 Qd5 34. h4 Ra8 35. Qc1 Ke8 36. Kh2 Kd7 37. Qb1 Rf8 38. Qc2 Rf7 39. f4 Qh5 40. Qa4+ Ke7
41. Qa7+ Kf8 42. Qb8+ Ke7 43. Qc7+ Ke8 44. Qc8+ Ke7 45. Qc7+ Ke8 46. Qc8+ Ke7 47. Qc7+
1/2-1/2

[Event "Friends of Lumpy Bumpy Big Challenge no2"]
[Site "SchemingMind.com"]
[Date "2010.04.24"]
[Round "-"]
[White "Kenny Elliott"]
[Black "David Hartley"]
[Result "0-1"]
[WhiteCountry "USA"]
[BlackCountry "ENG"]
[WhiteElo "1586"]
[WhiteRD "74"]
[BlackElo "1787"]
[BlackRD "61"]
[GameID "246366"]

1. d4 d5 2. c4 e6 3. Nc3 Nf6 4. Nf3 Be7 5. g3 O-O 6. Bg2 dxc4 7. O-O c5 8. Bf4 Nd5 9. Nxd5 exd5 10. dxc5 Bxc5
11. b3 b5 12. bxc4 bxc4 13. Ne5 Bb7 14. Rb1 Bb6 15. Nxc4 Na6 16. Nd6 Rb8 17. Nxf7 Rxf7 18. Bxb8 Nxb8 19. Qb3 Kh8 20. Rbd1 Rd7
21. Rfe1 Qf6 22. e3 Qf5 23. Re2 Na6 24. Qd3 Qxd3 25. Rxd3 Nc7 26. h4 Ba6 27. Red2 Bxd3 28. Rxd3 d4 29. e4 g6 30. f4 Ne6
31. e5 Nc5 32. Rd1 d3 33. Kf1 d2 34. Ke2 Ba5 35. Bh3 Rd8 36. e6 Nxe6 37. f5 gxf5 38. Bxf5 Nd4+
0-1

[Event "Friends of Lumpy Bumpy Big Challenge no2"]
[Site "SchemingMind.com"]
[Date "2010.04.23"]
[Round "-"]
[White "Kenny Elliott"]
[Black "Clive Everill"]
[Result "0-1"]
[WhiteCountry "USA"]
[BlackCountry "CZE"]
[WhiteElo "1578"]
[WhiteRD "69"]
[BlackElo "1694"]
[BlackRD "50"]
[GameID "246367"]

1. d4 f5 2. g3 Nf6 3. Nf3 g6 4. Bg2 d5 5. Nc3 Bg7 6. O-O O-O 7. Bf4 Ne4 8. Nxe4 fxe4 9. Ne5 Nd7 10. Qd2 Nxe5
11. Bxe5 Bxe5 12. dxe5 e6 13. c4 c6 14. c5 Qc7 15. Qg5 b5 16. b4 a5 17. a3 a4 18. f3 Rf5 19. Qg4 exf3 20. Rxf3 Rxf3
21. Qxf3 Qxe5 22. Rf1 Qg7 23. Qe3 Bd7 24. Qd3 Rf8 25. Rxf8+ Qxf8 26. e4 Qf6 27. exd5 exd5 28. Bxd5+ cxd5 29. Qxd5+ Be6 30. Qa8+ Kg7
31. Qb7+ Kh6 32. Qxb5 Qa1+ 33. Qf1 Qxa3 34. Qf4+ Kg7 35. Qe5+ Kf7 36. Qc7+ Kf6 37. Qd8+ Ke5 38. Qg5+ Kd4 39. Qf6+ Kd5 40. Qd8+ Kc4
41. Qh4+ Kb5 42. Qe4 Qc1+ 43. Kg2 Qd2+ 44. Kg1 Bd5 45. Qe8+ Kc4 46. c6 Qg2#
0-1

[Event "Friends of Lumpy Bumpy Big Challenge no2"]
[Site "SchemingMind.com"]
[Date "2010.04.27"]
[Round "-"]
[White "Kenny Elliott"]
[Black "Kobiahshi"]
[Result "1-0"]
[WhiteCountry "USA"]
[BlackCountry "USA"]
[WhiteElo "1586"]
[WhiteRD "74"]
[BlackElo "1628"]
[BlackRD "62"]
[GameID "246368"]

1. c4 e5 2. g3 Nc6 3. Bg2 f5 4. Nc3 Nf6 5. e3 d5 6. cxd5 Nb4 7. d4 e4 8. a3 c6 9. axb4 Bxb4 10. dxc6 Nd5
11. Bd2 bxc6 12. Nge2 O-O 13. Nxd5 Bxd2+ 14. Qxd2 Qxd5 15. O-O Bb7 16. Nc3 Qf7 17. Qc2 a6 18. Nxe4 fxe4 19. Bxe4 g6 20. f4 Rac8
21. f5 gxf5 22. Bxf5 Rce8 23. Be4 Qg7 24. Qb3+ Kh8 25. Bg2 Rb8 26. Qa3 Kg8 27. Qb3+ Kh8 28. Qc4 Qg5 29. e4 Rfe8 30. Rae1 Qd2
31. e5 Qxb2 32. Bxc6 Rbc8 33. Rb1 Qa3 34. Rxb7 Qe3+ 35. Kh1 Rg8 36. Qf7 Qh6 37. Qf6+ Qxf6 38. Rxf6 Rg7 39. Rxg7 Kxg7 40. d5 Rc7
41. Rf3 h6 42. Kg2 Kg6 43. Kf2 a5 44. Rf4 Kg5 45. e6 Re7 46. Rf7
1-0

[Event "Friends of Lumpy Bumpy Big Challenge no2"]
[Site "SchemingMind.com"]
[Date "2010.04.24"]
[Round "-"]
[White "Kenny Elliott"]
[Black "Naoki_M"]
[Result "1-0"]
[WhiteCountry "USA"]
[BlackCountry "JPN"]
[WhiteElo "1586"]
[WhiteRD "74"]
[BlackElo "1734"]
[BlackRD "71"]
[GameID "246369"]

1. d4 d5 2. c4 e6 3. Nf3 c5 4. Nc3 Nf6 5. Bg5 dxc4 6. dxc5 Qxd1+ 7. Rxd1 Be7 8. e3 Nc6 9. Bxc4 O-O 10. O-O Re8
11. Bb5 Nd7 12. Bxe7 Rxe7 13. Bxc6 bxc6 14. Ne5 f6 15. Nxc6 Rf7 16. Rd6 e5 17. Nd5 Bb7 18. Nce7+ Kf8 19. Rxd7 Bxd5 20. Rxd5 Rxe7
21. Rc1 Rc7 22. b4 Rb8 23. a3 Ke7 24. Rd2 Rc6 25. Rb2 a6 26. a4 Kd7 27. b5 axb5 28. axb5 Rcc8 29. c6+ Kd6 30. Rd2+ Ke6
31. Rb1 Rb6 32. Rbb2 Rc7 33. Kf1 f5 34. f4 e4 35. Ke1 g6 36. Kd1 Ke7 37. Kc2 Ke6 38. Kc3 Rb8 39. Kc4 Rbc8 40. Kc5 Ke7
41. Rb4 Rd8 42. Rxd8 Kxd8 43. Rd4+ Kc8 44. b6 Re7 45. b7+ Kc7 46. Rd7+
1-0

[Event "Friends of Lumpy Bumpy Big Challenge no2"]
[Site "SchemingMind.com"]
[Date "2010.04.24"]
[Round "-"]
[White "loco61"]
[Black "Kenny Elliott"]
[Result "0-1"]
[WhiteCountry "ENG"]
[BlackCountry "USA"]
[WhiteElo "1605"]
[WhiteRD "67"]
[BlackElo "1613"]
[BlackRD "69"]
[GameID "246370"]

1. e4 c5 2. Nf3 d6 3. Bc4 Nf6 4. d3 Bg4 5. h3 Bh5 6. g4 Bg6 7. Nc3 Nc6 8. g5 Nd7 9. Bf4 Bh5 10. Bxf7+ Bxf7
11. Nh2 Qb6 12. Rb1 Qa5 13. a3 e5 14. Bd2 Qb6 15. Ng4 O-O-O 16. f4 exf4 17. Bxf4 Nd4 18. Rf1 Bh5 19. Nd5 Qa5+ 20. c3 Re8
21. Qd2 Nb3 22. Qc2 c4 23. dxc4 Ndc5 24. Rd1 Rxe4+ 25. Nde3 Nd4 26. Qd2 Ncb3 27. Qg2 Bg6 28. Rf2 d5 29. Kf1 Nf5 30. Nxd5 Bc5
31. Rf3 Nh4 32. Qg3 Nxf3 33. Qxf3 Rhe8 34. Nge3 Bxe3 35. Bxe3 Qa6 36. Ne7+ R8xe7 37. Qf8+ Re8
0-1

[Event "Friends of Lumpy Bumpy Big Challenge no2"]
[Site "SchemingMind.com"]
[Date "2010.04.24"]
[Round "-"]
[White "capablanca"]
[Black "Kenny Elliott"]
[Result "1/2-1/2"]
[WhiteCountry "GER"]
[BlackCountry "USA"]
[WhiteElo "1662"]
[WhiteRD "56"]
[BlackElo "1613"]
[BlackRD "69"]
[GameID "246371"]

1. e4 c5 2. b3 d6 3. Bb2 Nd7 4. Nf3 Ngf6 5. Nc3 e6 6. Bc4 Be7 7. Qe2 O-O 8. d4 cxd4 9. Nxd4 e5 10. Nf5 b6
11. O-O Bb7 12. Rfd1 Nc5 13. Nxe7+ Qxe7 14. f3 a6 15. Nd5 Nxd5 16. Bxd5 Bxd5 17. Rxd5 Rac8 18. Rad1 Rc6 19. c4 Ne6 20. Ba3 Nf4
21. Qd2 Nxd5 22. Qxd5 Qb7 23. Qd2 Rfc8 24. Qg5 f6 25. Qe3 Qe7 26. Rd5 Rb8 27. Qd3 Rd8 28. Qd2= Qc7 29. h3 Qb8=
1/2-1/2

[Event "Friends of Lumpy Bumpy Big Challenge no2"]
[Site "SchemingMind.com"]
[Date "2010.04.24"]
[Round "-"]
[White "XTC"]
[Black "Kenny Elliott"]
[Result "1-0"]
[WhiteCountry "COL"]
[BlackCountry "USA"]
[WhiteElo "1896"]
[WhiteRD "58"]
[BlackElo "1613"]
[BlackRD "69"]
[GameID "246372"]

1. e4 c5 2. Nf3 d6 3. g3 Nf6 4. d3 Nc6 5. Bg2 g6 6. O-O Bg7 7. Re1 O-O 8. c3 Qb6 9. Na3 Be6 10. Ng5 Bd7
11. Nc4 Qc7 12. a4 h6 13. Nf3 Bg4 14. Be3 b6 15. Qd2 g5 16. b4 cxb4 17. cxb4 Nd7 18. b5 Bxa1 19. bxc6 Qxc6 20. Rxa1 Rfb8
21. Nd4 Qc8 22. Nf5 Bxf5 23. exf5 Ne5 24. Bxa8 Nxc4 25. dxc4 Rxa8 26. Qd5 Qd8 27. h4 gxh4 28. gxh4 h5 29. Qg2+ Kf8 30. Bh6+ Ke8
31. Qc6+
1-0

[Event "Friends of Lumpy Bumpy Big Challenge no2"]
[Site "SchemingMind.com"]
[Date "2010.04.25"]
[Round "-"]
[White "echecs"]
[Black "Kenny Elliott"]
[Result "1-0"]
[WhiteCountry "ENG"]
[BlackCountry "USA"]
[WhiteElo "1818"]
[WhiteRD "58"]
[BlackElo "1613"]
[BlackRD "69"]
[GameID "246373"]

1. e4 c5 2. c3 d6 3. Nf3 Nf6 4. Be2 Nxe4 5. Qa4+ Nc6 6. Qxe4 a6 7. Ng5 g6 8. O-O Bf5 9. Qa4 Bh6 10. d4 Bxg5
11. Bxg5 O-O 12. dxc5 d5 13. Rd1 f6 14. Bh6 Re8 15. Rxd5 Qxd5 16. Bc4 e6 17. Bxd5 exd5 18. Nd2 Re2 19. Qd1 Rae8 20. Be3 R2xe3
21. fxe3 Rxe3 22. Nf3 Kg7 23. Qxd5 Re2 24. b4 Rc2 25. Nd4 Rd2 26. Nxf5+ gxf5 27. Qxd2
1-0

[Event "Friends of Lumpy Bumpy Big Challenge no2"]
[Site "SchemingMind.com"]
[Date "2010.04.24"]
[Round "-"]
[White "David Hartley"]
[Black "Kenny Elliott"]
[Result "0-1"]
[WhiteCountry "ENG"]
[BlackCountry "USA"]
[WhiteElo "1750"]
[WhiteRD "66"]
[BlackElo "1652"]
[BlackRD "71"]
[GameID "246374"]

1. e4 c5 2. c3 Nf6 3. e5 Nd5 4. d4 cxd4 5. cxd4 e6 6. Nc3 Bb4 7. Bd2 Nc6 8. Nxd5 Bxd2+ 9. Qxd2 exd5 10. f4 O-O
11. Nf3 Re8 12. Bd3 d6 13. O-O dxe5 14. fxe5 h6 15. h3 Qb6 16. Qc3 Be6 17. b3 Rec8 18. Qb2 Nb4 19. Qd2 Rc7 20. Rfc1 Rac8
21. Rxc7 Rxc7 22. Bb1 Nc6 23. Qd1 h5 24. a3 Qa5 25. Ra2 b5 26. b4 Qa6 27. Ng5 g6 28. Nxe6 fxe6 29. Bxg6 Qb6 30. Rd2 a5
31. Bxh5 axb4 32. axb4 Nxb4 33. Rf2 Rg7 34. Rf6 Na6 35. Qd2 b4 36. Bg4 Nc7 37. Qb2 Rf7 38. Qf2 Rxf6 39. exf6 b3 40. Qb2 Ne8
41. f7+ Kxf7 42. Bh5+ Ke7 43. Qa3+ Nd6 44. Qb2 Nc4 45. Qb1 Qxd4+ 46. Kh1 b2 47. Qf1 Qf6 48. Qb1 Nd2 49. Qh7+ Kd6 50. Bg6 Qf1+
51. Kh2 b1=Q 52. Bxb1 Nxb1 53. h4 d4 54. Qh8 Qf4+ 55. Kg1 Nc3 56. Qb8+ Kd5 57. Qb3+ Ke5 58. Qb8+ Ke4 59. Qh8 Ne2+ 60. Kh1 Qf1+
61. Kh2 Qg1+
0-1

[Event "Friends of Lumpy Bumpy Big Challenge no2"]
[Site "SchemingMind.com"]
[Date "2010.04.24"]
[Round "-"]
[White "Clive Everill"]
[Black "Kenny Elliott"]
[Result "1-0"]
[WhiteCountry "CZE"]
[BlackCountry "USA"]
[WhiteElo "1694"]
[WhiteRD "50"]
[BlackElo "1578"]
[BlackRD "69"]
[GameID "246375"]

1. e4 c5 2. Nf3 d6 3. c3 Nf6 4. h3 Nc6 5. d4 cxd4 6. Nxd4 Nxd4 7. Qxd4 e5 8. Qe3 a6 9. Bc4 b5 10. Bb3 Bb7
11. Nd2 a5 12. O-O a4 13. Bc2 d5 14. Rd1 d4 15. cxd4 exd4 16. Qe2 Bc5 17. Bd3 O-O 18. Bxb5 Qb6 19. Bd3 Rfe8 20. f3 Nd5
21. Nc4 Qg6 22. e5 Qg3 23. Qe4 Ne3 24. Qxh7+ Kf8 25. Nxe3 dxe3 26. Be2 Bxf3 27. Bxf3 e2+ 28. Kh1 exd1=Q+ 29. Bxd1 Qe1+ 30. Kh2 Qxe5+
31. g3 Bf2 32. Bf4 Bxg3+ 33. Bxg3 Qxb2+ 34. Kh1 Qxa1 35. Bd6+ Re7 36. Qh8#
1-0

[Event "Friends of Lumpy Bumpy Big Challenge no2"]
[Site "SchemingMind.com"]
[Date "2010.04.25"]
[Round "-"]
[White "Kobiahshi"]
[Black "Kenny Elliott"]
[Result "0-1"]
[WhiteCountry "USA"]
[BlackCountry "USA"]
[WhiteElo "1602"]
[WhiteRD "65"]
[BlackElo "1652"]
[BlackRD "71"]
[GameID "246376"]

1. e4 c5 2. Nf3 d6 3. d4 cxd4 4. Nxd4 e5 5. Bb5+ Bd7 6. Bxd7+ Nxd7 7. Nf3 Ngf6 8. Nbd2 Qa5 9. O-O O-O-O 10. Qe2 Qc7
11. c4 Nb6 12. b3 Be7 13. a4 Rhe8 14. a5 Nbd7 15. Qe3 Kb8 16. b4 d5 17. cxd5 Bxb4 18. Nb3 Nc5 19. Nxc5 Bxc5 20. Qb3 h6
21. Re1 Ng4 22. Be3 Nxe3 23. fxe3 Qd6 24. a6 b6 25. Nd2 Qg6 26. Rac1 Rc8 27. Kh1 f5 28. exf5 Qxf5 29. e4 Qg5 30. Qb5 Qxd2
31. d6 Qxd6 32. Rcd1 Bd4 33. Rf1 Qg6 34. Qd5 Qc6 35. Qf7 Qxe4 36. Rfe1 Qc6 37. Rc1 Bc5 38. Red1 Red8 39. Qb7+ Qxb7 40. axb7 Kxb7
41. Rf1 Rc7 42. Rfe1 Bd4 43. Rb1 a5 44. h3 Rf8 45. Re2 Ka6 46. Kh2 b5 47. Rd1 a4 48. Ra2 Ka5 49. Rd3 Rf1 50. Re2 Rcc1
51. Ra2 g5 52. Rb3 h5 53. Kg3 b4 54. Rd3 a3 55. Kh2 h4 56. g3 Bg1+ 57. Kg2 e4 58. Rd5+ Ka4 59. Rxg5 b3 60. Re2 a2
61. Rxe4+ Ka3 62. Ra5+ Kb2
0-1

[Event "Friends of Lumpy Bumpy Big Challenge no2"]
[Site "SchemingMind.com"]
[Date "2010.04.25"]
[Round "-"]
[White "Naoki_M"]
[Black "Kenny Elliott"]
[Result "1-0"]
[WhiteCountry "JPN"]
[BlackCountry "USA"]
[WhiteElo "1734"]
[WhiteRD "71"]
[BlackElo "1586"]
[BlackRD "74"]
[GameID "246377"]

1. e4 c5 2. Nf3 d6 3. d4 cxd4 4. Nxd4 e5 5. Nb3 Nf6 6. Nc3 Be7 7. Be2 Be6 8. O-O O-O 9. Be3 Nc6 10. Re1 a6
11. a3 Bxb3 12. cxb3 b5 13. b4 Qb8 14. Bg4 Nxg4 15. Qxg4 Qc8 16. Qxc8 Rfxc8 17. Nd5 Bd8 18. Rac1 Nd4 19. Bxd4 Rxc1 20. Rxc1 exd4
21. Rd1 a5 22. bxa5 Bxa5 23. Rxd4 Rc8 24. Ne3 Rc1+ 25. Rd1 Bd2 26. Rxc1 Bxc1 27. Nd1 Kf8 28. Kf1 Ke7 29. Ke2 Ke6 30. Kd3 Ke5
31. g3 g6 32. f4+ Kf6 33. Kc2 Bxf4 34. gxf4 g5 35. fxg5+ Kxg5 36. Kd3 f5 37. exf5 Kxf5 38. Ke3 h5 39. Nf2 d5 40. h4 Ke5
41. Nd3+ Kf5 42. Kf3 Ke6 43. Nf4+ Ke5 44. Nxh5 d4 45. Nf4 Kf5 46. h5 Kg5 47. Ke4 d3 48. Kxd3 Kh6 49. Kd4 Kg5 50. Kc5
1-0

[Event "Friends of Lumpy Bumpy Big Challenge no2"]
[Site "SchemingMind.com"]
[Date "2010.04.26"]
[Round "-"]
[White "bartleby en passant"]
[Black "loco61"]
[Result "0-1"]
[WhiteCountry "IRL"]
[BlackCountry "ENG"]
[WhiteElo "1468"]
[WhiteRD "78"]
[BlackElo "1623"]
[BlackRD "68"]
[GameID "246534"]

1. d4 d5 2. c4 e6 3. c5 Nc6 4. Nf3 Nf6 5. Bg5 Be7 6. Bxf6 Bxf6 7. e3 a6 8. a4 O-O 9. Bd3 e5 10. dxe5 Nxe5
11. Nxe5 Bxe5 12. Qc2 g6 13. Nd2 Qf6 14. O-O-O c6 15. f4 Bc7 16. h3 Be6 17. g4 Rad8 18. g5 Qe7 19. b4 d4 20. e4 Bxf4
21. h4 f6 22. Rdg1 f5 23. exf5 Bxf5 24. Bxf5 Rxf5 25. Re1 Be3 26. Kb2 Qe5 27. Qc4+ Kg7 28. Qd3 Rf2 29. Re2 Rxe2
0-1

[Event "Friends of Lumpy Bumpy Big Challenge no2"]
[Site "SchemingMind.com"]
[Date "2010.04.26"]
[Round "-"]
[White "bartleby en passant"]
[Black "capablanca"]
[Result "0-1"]
[WhiteCountry "IRL"]
[BlackCountry "GER"]
[WhiteElo "1559"]
[WhiteRD "78"]
[BlackElo "1712"]
[BlackRD "54"]
[GameID "246535"]

1. e4 d5 2. exd5 Qxd5 3. Nc3 Qa5 4. d4 Nf6 5. Bd2 c6 6. Ne4 Qf5 7. Nxf6+ Qxf6 8. Nf3 Bg4 9. Be2 e6 10. O-O Bd6
11. Bc3 Nd7 12. d5 Qh6 13. g3 cxd5 14. Qd4 O-O 15. Qxg4 Nf6 16. Bxf6 Qxf6 17. c3 Bc5 18. Bd3 e5 19. Bc2 e4
0-1

[Event "Friends of Lumpy Bumpy Big Challenge no2"]
[Site "SchemingMind.com"]
[Date "2010.04.25"]
[Round "-"]
[White "bartleby en passant"]
[Black "Kenny Elliott"]
[Result "1-0"]
[WhiteCountry "IRL"]
[BlackCountry "USA"]
[WhiteElo "1559"]
[WhiteRD "78"]
[BlackElo "1578"]
[BlackRD "69"]
[GameID "246536"]

1. d4 d5 2. c4 e6 3. c5 Nf6 4. Nc3 Nc6 5. Nf3 Be7 6. Bf4 O-O 7. e3 a6 8. Bd3 b6 9. O-O bxc5 10. dxc5 Bxc5
11. Ne5 Bb7 12. Nxc6 Bxc6 13. Be5 Ng4 14. Qxg4 Qe7 15. Qxg7#
1-0

[Event "Friends of Lumpy Bumpy Big Challenge no2"]
[Site "SchemingMind.com"]
[Date "2010.04.25"]
[Round "-"]
[White "bartleby en passant"]
[Black "XTC"]
[Result "0-1"]
[WhiteCountry "IRL"]
[BlackCountry "COL"]
[WhiteElo "1559"]
[WhiteRD "78"]
[BlackElo "1858"]
[BlackRD "62"]
[GameID "246537"]

1. d4 Nf6 2. c4 d6 3. Nc3 Bf5 4. Bg5 Nbd7 5. e3 h6 6. Bxf6 Nxf6 7. Bd3 Bxd3 8. Qxd3 e6 9. Nf3 Be7 10. O-O c5
11. dxc5 dxc5 12. Qxd8+ Rxd8 13. Rad1 O-O 14. a3 a6 15. h3 Rxd1 16. Rxd1 Rd8 17. Rxd8+ Bxd8 18. g4 g5 19. b4 cxb4
0-1

[Event "Friends of Lumpy Bumpy Big Challenge no2"]
[Site "SchemingMind.com"]
[Date "2010.04.25"]
[Round "-"]
[White "bartleby en passant"]
[Black "echecs"]
[Result "0-1"]
[WhiteCountry "IRL"]
[BlackCountry "ENG"]
[WhiteElo "1559"]
[WhiteRD "78"]
[BlackElo "1838"]
[BlackRD "59"]
[GameID "246538"]

1. d4 Nf6 2. c4 g6 3. Nc3 Bg7 4. e4 d6 5. Bg5 O-O 6. h3 Nc6 7. Nf3 a6 8. Bxf6 Bxf6 9. Qd2 e6 10. a3 b6
11. Be2 Bb7 12. d5 exd5 13. exd5 Ne5 14. Nxe5 Bxe5 15. Ne4 Re8 16. f4 Bxb2
0-1

[Event "Friends of Lumpy Bumpy Big Challenge no2"]
[Site "SchemingMind.com"]
[Date "2010.04.26"]
[Round "-"]
[White "bartleby en passant"]
[Black "Clive Everill"]
[Result "0-1"]
[WhiteCountry "IRL"]
[BlackCountry "CZE"]
[WhiteElo "1498"]
[WhiteRD "76"]
[BlackElo "1700"]
[BlackRD "53"]
[GameID "246540"]

1. e4 Nc6 2. d4 d5 3. e5 f6 4. Nf3 Bg4 5. a3 fxe5 6. dxe5 Nxe5 7. Be2 Nxf3+ 8. Bxf3 Bxf3 9. Qxf3 Nf6 10. Bg5 Qd6
11. Bxf6 exf6 12. Nc3 c6 13. O-O Be7 14. Rfe1 O-O 15. h4 Rae8 16. Re3 Bd8 17. Rxe8 Rxe8 18. g3 Bb6 19. Qd3 Qc5 20. Rf1 Re1
21. Qf5 Rxf1+ 22. Kxf1 Qe7 23. h5 Bd4 24. Nxd5 Qc5
0-1

[Event "Friends of Lumpy Bumpy Big Challenge no2"]
[Site "SchemingMind.com"]
[Date "2010.04.29"]
[Round "-"]
[White "bartleby en passant"]
[Black "Kobiahshi"]
[Result "0-1"]
[WhiteCountry "IRL"]
[BlackCountry "USA"]
[WhiteElo "1498"]
[WhiteRD "76"]
[BlackElo "1604"]
[BlackRD "64"]
[GameID "246541"]

1. d4 d5 2. c4 e6 3. c5 c6 4. a4 Nf6 5. Nc3 Be7 6. Bg5 Nbd7 7. Nf3 b6 8. b4 bxc5 9. bxc5 Qa5 10. Qc2 Ne4
11. Bd2 Qc7 12. Nxe4 dxe4 13. Qxe4 Nf6 14. e3 Nxe4
0-1